Culture Générale - Série 327 - Statistiques

Statistiques générales
  • Ce quiz a été pris 249 fois
  • Le résultat moyen est 6 sur 10
Statistiques - réponses
Question Réponse % Correct
Quels fruits de mer mangez-vous si vous dégustez des marennes ? Des huîtres
83%
Sur un parcours de golf, de quoi le bunker est-il rempli ? De sable
79%
De quel verbe "oyez" est-il la forme impérative ? Ouïr
74%
Quel animal est Bouba dans le dessin animé japonais des années 1980 ? Un ourson
67%
Quelle ONG a été fondée par Henry Dunant ? La Croix-Rouge
59%
Quelle est la profession de Jean Nouvel, qui est né en 1945 à Fumel ? Architecte
57%
En quels animaux Circé a-t-elle changé les compagnons d'Ulysse ? En cochons
52%
Comment est le smoking quand "y a d'la rumba dans l'air" selon Souchon ? De travers
47%
Quel sport est dérivé de la "savate" ? La boxe française
46%
Qui est la mère de Benjamin Castaldi ? Catherine Allégret
38%
Aucun quiz correspondant
Distribution des résultats
% des personnes avec chaque résultat
Percentile par nombre de réponses
Votre historique - résultats
Vous n’avez pas pris ce quiz